Αποτελεσματικότητα διαφήμισης σε ειδησεογραφικούς ιστοχώρους : μεταπτυχιακή εργασία

Σκοπός της παρούσας μελέτης είναι να εξετάσει την αποτελεσματικότητα της διαφήμισης στους ειδησεογραφικούς ιστοχώρους. Για τον λόγο αυτό οργανώθηκε μία online έρευνα πεδίου στην e-οικονομική εφημερίδα «VORIA», όπου εξετάσαμε αν υπάρχει συσχέτιση ανάμεσα στην ανάμειξη (involvement) που νιώθει ο αναγν...

Full description

Saved in:
Bibliographic Details
Main Author: Πάντζη, Νεφέλη
Corporate Author: Πανεπιστήμιο Αιγαίου. Σχολή Θετικών Επιστημών. Τμήμα Μηχανικών Πληροφοριακών και Επικοινωνιακών Συστημάτων. Π.Μ.Σ. Τεχνολογίες και Διοίκηση Πληροφοριακών και Επικοινωνιακών Συστημάτων. Ψηφιακή καινοτομία και επιχειρηματικότητα
Format: Thesis Book
Language:Greek
Published: [2017].
Subjects:
Online Access:http://hdl.handle.net/11610/23248
Tags: Add Tag
No Tags, Be the first to tag this record!

MARC

LEADER 00000cam a2200000 a 4500
001 1/114427
008 170712q2017####gr | ||| |||| ||gre||
040 |a GR-MyUa  |b gre  |c GR-MyUa  |e AACR2 
041 0 |a gre 
082 7 |a 659.144   |2 (23)  
100 1 |a Πάντζη, Νεφέλη. 
245 1 0 |a Αποτελεσματικότητα διαφήμισης σε ειδησεογραφικούς ιστοχώρους :   |b μεταπτυχιακή εργασία /   |c Νεφέλη Πάντζη ; επιβλέπων καθηγητής Δημήτριος Δρόσος.  
260 |c [2017].  
300 |a 84 σ. :   |b εικ. ;   |c 30 εκ.  
500 |a Μέλη της εξεταστικής επιτροπής: Δρόσσος Δημήτριος, Χαραλαμπίδης, Γιάννης Μαραγκουδάκης, Μανώλης. 
502 |a Διατριβή (μεταπτυχιακή) - Πανεπιστήμιο Αιγαίου, Σάμος, 2017.  
504 |a Βιβλιογραφία: σ. 64-84.  
506 0 |a Διάθεση πλήρους κειμένου - Ελεύθερη πρόσβαση.  
520 8 |a Σκοπός της παρούσας μελέτης είναι να εξετάσει την αποτελεσματικότητα της διαφήμισης στους ειδησεογραφικούς ιστοχώρους. Για τον λόγο αυτό οργανώθηκε μία online έρευνα πεδίου στην e-οικονομική εφημερίδα «VORIA», όπου εξετάσαμε αν υπάρχει συσχέτιση ανάμεσα στην ανάμειξη (involvement) που νιώθει ο αναγνώστης με ένα online άρθρο και στην ανάκληση των banner που περιβάλλουν αυτό το άρθρο. Η αρχική μας υπόθεση πως η συσχέτιση αυτή είναι αρνητική, δεν επιβεβαιώθηκε, μιας και τα αποτελέσματα έδειξαν την ύπαρξη θετικής σχέσης, η οποία όμως δεν είναι ισχυρή. Οι υπόλοιπες ερευνητικές μας υποθέσεις, αναφορικά με τη συσχέτιση της ανάμειξης (involvement) με τις στάσεις (Attitude) για τις Διαφημίσεις/Ιστοχώρο/Online Τύπο επιβεβαιώθηκαν, με στατιστικώς σημαντική θετική σχέση.  
540 |a Κλειδωμένη η δυνατότητα αντιγραφής (copy) του κειμένου.  
650 0 |a Internet advertising. 
650 0 |a Dissertations, Academic  |z Greece. 
700 1 |a Δρόσος, Δημήτριος,  |e dgs 
710 2 |a Πανεπιστήμιο Αιγαίου.   |b Σχολή Θετικών Επιστημών.   |b Τμήμα Μηχανικών Πληροφοριακών και Επικοινωνιακών Συστημάτων.   |b Π.Μ.Σ. Τεχνολογίες και Διοίκηση Πληροφοριακών και Επικοινωνιακών Συστημάτων.   |b Ψηφιακή καινοτομία και επιχειρηματικότητα. 
852 |a INST  |b SAMOS  |c DIATR  |e 20170712  |h 659.144 ΠΑΝ  |p 005300044693  |q 005300044693  |t MTXE  |y 23 
856 |u http://hdl.handle.net/11610/23248 
924 |a Πάντζη  |b Νεφέλη  |y Σάμος  |z 2017-05 
970 |a Κοσιέρης  |b Χρήστος  |z 12-07-2017